000 00481nam a2200169 i 4500
001 91340
003 ES-MaACL
005 20251004063132.0
007 t|
008 050128s1918 ag ||||1| spa d
100 1 _aLevene, Ricardo,
_d1885-1959
_971926
245 1 0 _aNotas para el estudio del Derecho indiano /
_cRicardo Levene.
260 _aBuenos Aires :
_b[s.n.],
_c1918.
852 _aES-MaACL
_j1504-F-17
852 _aES-MaACL
_j1606-F-20
999 _c91340
_d91340